Loading...
using film as a source
| Main Author: | |
|---|---|
| Format: | Printed Book |
| Published: |
Manchester
Manchester University Press
2015
|
| LEADER | 00455nam a2200133 4500 | ||
|---|---|---|---|
| 020 | |a 9780719090301 | ||
| 082 | |a 791.4 |b BAR/U | ||
| 100 | |a Barber, Sian | ||
| 245 | |a using film as a source | ||
| 260 | |a Manchester |b Manchester University Press |c 2015 | ||
| 300 | |a 174p | ||
| 942 | |c BK | ||
| 999 | |c 45302 |d 45302 | ||
| 952 | |0 0 |1 0 |4 0 |6 791_400000000000000_BARU |7 0 |8 Stack |9 49278 |a KUCL |b KUCL |c Stack |d 2018-05-22 |g 12.99 |l 1 |m 1 |o 791.4 BAR/U |p 45969 |r 2018-08-17 |s 2018-06-12 |w 2018-05-22 |y BK | ||